গল্পে গল্পে যায় বেলা / (Record no. 2080)
[ view plain ]
| 000 -LEADER | |
|---|---|
| fixed length control field | 00761nam a2200229 a 4500 |
| 001 - CONTROL NUMBER | |
| JCCL Control Number | 2080 |
| 003 - CONTROL NUMBER IDENTIFIER | |
| JCCL marc code | BD-JhCC |
| 005 - DATE AND TIME OF LATEST TRANSACTION | |
| control field | 20171031153554.0 |
| 008 - FIXED-LENGTH DATA ELEMENTS--GENERAL INFORMATION | |
| fixed length control field | 171029s2005 bg a|||| |||| 000 0 ben d |
| 020 ## - INTERNATIONAL STANDARD BOOK NUMBER | |
| International Standard Book Number | 9847030553 |
| 035 ## - SYSTEM CONTROL NUMBER | |
| system control number | (BD-JhCC)2080 |
| 040 ## - CATALOGING SOURCE | |
| Original cataloging agency | BD-JhCC |
| Modifying agency | BD-JhCC |
| 041 ## - LANGUAGE CODE | |
| Language code of Book | ben |
| 082 ## - DEWEY DECIMAL CLASSIFICATION NUMBER | |
| Classification number | 891.4435 |
| Author mark and Year | HEN 2005 |
| 100 ## - MAIN ENTRY--PERSONAL NAME | |
| Personal name | হেনা, জুবাইদা গুলশান আরা |
| 245 ## - TITLE STATEMENT | |
| Title | গল্পে গল্পে যায় বেলা / |
| Statement of responsibility, etc | জুবাইদা গুলশান আরা হেনা |
| 260 ## - PUBLICATION, DISTRIBUTION, ETC. (IMPRINT) | |
| Place of publication, distribution, etc | ঢাকা : |
| Name of publisher, distributor, etc | পিপিএমসি, |
| Date of publication, distribution, etc | ২০০৫. |
| 300 ## - PHYSICAL DESCRIPTION | |
| Pagination | ৪৮ পৃ. : |
| Other physical details | ill. ; |
| Dimensions | ২৩ সেমি. |
| 650 ## - SUBJECT ADDED ENTRY--TOPICAL TERM | |
| Topical term or geographic name as entry element | Juvenier short stories |
| 942 ## - ADDED ENTRY ELEMENTS (KOHA) | |
| Source of classification or shelving scheme | Dewey Decimal Classification |
| Koha item type | Books |
| Source of classification or shelving scheme | Damaged status | Not for loan | Home library | Current library | Shelving location | Date of accession | Source of acquisition | Cost, normal purchase price | Total Checkouts | Full call number | Barcode | Date last seen | Copy number | Koha item type |
|---|---|---|---|---|---|---|---|---|---|---|---|---|---|---|
| Dewey Decimal Classification | JCC Rouf Library | JCC Rouf Library | General Stacks | 10/29/2017 | Foundation of tenth's Efforts | 150.00 | 891.4435 HEN 2005 | 2773 | 10/29/2017 | C-1 | Books |